000 00686nam a2200217Ii 4500
003 JO-AjNU
008 230605s9999||||xx |||||||||||||| ||und||
017 _a73/2690
040 _aJO-AjNU
_bara
_erda
_cJO-AjNU
041 _aara
050 1 4 _aBH41.Z2 1973
100 3 _aابراهيم، زكريا,
_eauthor
_938206
245 0 0 _aالفنان والإنسان
264 3 1 _aد.م:مكتبة غريب ، 1973
300 _a226ص
336 _atext
_btxt
_2rdacontent
337 _aunmediated
_bn
_2rdamedia
338 _avolume
_bnc
_2rdacarrier
490 0 _aدراسات في علم الجمال وفلسفة الفن
650 4 _aعلم الجمال-الفن-فلسفة
_938207
999 _aA16032
_c19600
_d19600